[Event "NED-chT 2223"]
[Site "Netherlands"]
[Date "2022.11.26"]
[Round "4.6"]
[White "Maatman, Nick"]
[Black "Hommerson, Paul"]
[Result "1/2-1/2"]
[WhiteElo "2336"]
[BlackElo "2260"]
[PlyCount "43"]
[EventDate "2022.09.17"]
[EventType "team-tourn"]
[EventRounds "9"]
[EventCountry "NED"]
[SourceTitle "CBM 213 Extra"]
[Source "ChessBase"]
[SourceDate "2023.05.31"]
[SourceVersion "1"]
[SourceVersionDate "2023.05.31"]
[SourceQuality "1"]
[WhiteTeam "Groningen Combinatie"]
[BlackTeam "Paul Keres"]
[WhiteTeamCountry "NED"]
[BlackTeamCountry "NED"]

1. d4 Nf6 2. c4 g6 3. Nc3 d5 4. cxd5 Nxd5 5. e4 Nxc3 6. bxc3 Bg7 7. Nf3 c5 8. Rb1 0-0 9. Be2 cxd4 10. cxd4 Qa5+ 11. Bd2 Qxa2 12. 0-0 b6 13. Qc1 Bb7 14. Bc4 Qa4 15. Bb5 Qa2 16. Bc4 Qa4 17. Bb5 Qa2 18. Bc4 Qa4 19. Bb5 Qa2 20. Bc4 Qa4 21. Bb5 Qa2 22. Bc4 1/2-1/2

[Event "BEL-chT 2122"]
[Site "Belgium"]
[Date "2021.10.24"]
[Round "1.2"]
[White "Godart, Francois"]
[Black "Hommerson, Paul"]
[Result "1-0"]
[WhiteElo "2414"]
[BlackElo "2271"]
[PlyCount "47"]
[EventDate "2021.10.24"]
[EventType "team-tourn"]
[EventRounds "11"]
[EventCountry "BEL"]
[SourceTitle "EXT 2023"]
[Source "ChessBase"]
[SourceDate "2022.10.05"]
[SourceVersion "1"]
[SourceVersionDate "2022.10.05"]
[SourceQuality "1"]
[WhiteTeam "Liege Crelel"]
[BlackTeam "Borgerhout"]
[WhiteTeamCountry "BEL"]
[BlackTeamCountry "BEL"]

1. d4 Nf6 2. c4 g6 3. g3 Bg7 4. Bg2 0-0 5. Nc3 d6 6. Nf3 Nbd7 7. 0-0 e5 8. e4 c6 9. Rb1 a5 10. Re1 exd4 11. Nxd4 Re8 12. h3 Nc5 13. b3 Qc7 14. Bf4 Nfd7 15. Re2 Ne5 16. Rd2 a4 17. Nde2 axb3 18. axb3 Ra3 19. Be3 Nxc4 20. bxc4 Bxc3 21. Rxd6 Ne6 22. Bc1 Qa5 23. Bxa3 Qxa3 24. Rd3 1-0

[Event "BEL-chT 1617"]
[Site "Belgium"]
[Date "2016.12.04"]
[Round "5.5"]
[White "Hommerson, Paul"]
[Black "Ahn, Martin"]
[Result "1/2-1/2"]
[WhiteElo "2222"]
[BlackElo "2255"]
[PlyCount "26"]
[EventDate "2016.10.02"]
[EventType "team-tourn"]
[EventRounds "11"]
[EventCountry "BEL"]
[SourceTitle "EXT 2018"]
[Source "ChessBase"]
[SourceDate "2017.10.13"]
[SourceVersion "1"]
[SourceVersionDate "2017.10.13"]
[SourceQuality "1"]
[WhiteTeam "Borgerhout"]
[BlackTeam "KSK Rochade"]
[WhiteTeamCountry "BEL"]
[BlackTeamCountry "BEL"]

1. e4 g6 2. d4 Bg7 3. Nc3 d6 4. f4 a6 5. Nf3 Nd7 6. Be3 b5 7. Bd3 Bb7 8. 0-0 c5 9. e5 cxd4 10. Bxd4 Nh6 11. Be4 Bxe4 12. Nxe4 Nf5 13. exd6 Bxd4+ 1/2-1/2

[Event "Gibraltar Masters 14th"]
[Site "Caleta"]
[Date "2016.02.03"]
[Round "9"]
[White "Hommerson, Paul"]
[Black "Kelires, Andreas"]
[Result "0-1"]
[WhiteElo "2240"]
[BlackElo "2444"]
[PlyCount "62"]
[EventDate "2016.01.26"]
[EventType "swiss"]
[EventRounds "10"]
[EventCountry "GGB"]
[SourceTitle "CBM 171"]
[Source "ChessBase"]
[SourceDate "2016.03.14"]
[SourceVersion "2"]
[SourceVersionDate "2016.03.14"]
[SourceQuality "1"]

1. e4 c5 2. Nf3 d6 3. d4 cxd4 4. Nxd4 Nf6 5. Nc3 a6 6. Be3 e5 7. Nb3 Be6 8. f3 Be7 9. Qd2 0-0 10. 0-0-0 a5 11. Bb5 Na6 12. Qe2 Qb8 13. g4 Rc8 14. g5 Ne8 15. Bd2 Nec7 16. Ba4 Nb4 17. Kb1 Nxc2 18. Kxc2 b5 19. Nxb5 Nxb5+ 20. Kb1 Rc4 21. Bxb5 Qxb5 22. Bc3 Qb6 23. Ka1 Ra4 24. Nc1 Bxa2 25. Nxa2 Qb3 26. Kb1 Qxa2+ 27. Kc2 Rb8 28. h4 Rc4 29. Kd3 d5 30. Qc2 dxe4+ 31. fxe4 Rxc3+ 0-1

[Event "Gibraltar Masters 14th"]
[Site "Caleta"]
[Date "2016.01.28"]
[Round "3"]
[White "Hommerson, Paul"]
[Black "Teran Alvarez, Ismael"]
[Result "0-1"]
[WhiteElo "2240"]
[BlackElo "2416"]
[PlyCount "80"]
[EventDate "2016.01.26"]
[EventType "swiss"]
[EventRounds "10"]
[EventCountry "GGB"]
[SourceTitle "CBM 171"]
[Source "ChessBase"]
[SourceDate "2016.03.14"]
[SourceVersion "2"]
[SourceVersionDate "2016.03.14"]
[SourceQuality "1"]

1. e4 e5 2. Nf3 d6 3. d4 exd4 4. Nxd4 Nf6 5. Nc3 Be7 6. Be2 0-0 7. 0-0 Re8 8. f4 Bf8 9. Bf3 c6 10. Re1 Nbd7 11. Be3 Nb6 12. Bf2 d5 13. e5 Nfd7 14. Bh5 g6 15. Bg4 Bg7 16. Nf3 Nf8 17. Ng5 h6 18. Nh3 Bxg4 19. Qxg4 Qd7 20. Qf3 h5 21. Qd3 Qg4 22. Nd1 Ne6 23. Qd2 d4 24. c3 Bh6 25. Bxd4 Nxf4 26. Nxf4 Bxf4 27. Qf2 Nd5 28. Rf1 g5 29. h3 Qd7 30. c4 Nc7 31. Be3 Ne6 32. Nc3 Qd3 33. Rae1 Qg6 34. g3 Bxe5 35. Qf3 Nd4 36. Bxd4 Bxd4+ 37. Kg2 Rad8 38. Rxe8+ Rxe8 39. Rd1 Qc2+ 40. Kf1 Re3 0-1

[Event "Gibraltar Masters 14th"]
[Site "Caleta"]
[Date "2016.01.27"]
[Round "2"]
[White "Zachariassen, John"]
[Black "Hommerson, Paul"]
[Result "0-1"]
[WhiteElo "1958"]
[BlackElo "2240"]
[PlyCount "56"]
[EventDate "2016.01.26"]
[EventType "swiss"]
[EventRounds "10"]
[EventCountry "GGB"]
[SourceTitle "CBM 171"]
[Source "ChessBase"]
[SourceDate "2016.03.14"]
[SourceVersion "2"]
[SourceVersionDate "2016.03.14"]
[SourceQuality "1"]

1. c4 Nf6 2. Nf3 g6 3. g3 Bg7 4. Bg2 0-0 5. 0-0 d6 6. Nc3 e5 7. d3 Nc6 8. Rb1 a5 9. Bd2 h6 10. a3 Be6 11. b4 axb4 12. axb4 Qd7 13. Re1 Nh5 14. b5 Ne7 15. Qc1 Kh7 16. e4 f5 17. exf5 Bxf5 18. Ne4 Nf6 19. Nh4 Nxe4 20. dxe4 Bg4 21. Qc3 g5 22. Nf3 Ng6 23. Rb3 Qf7 24. Qd3 Ra2 25. Rc3 Bxf3 26. Bxf3 g4 27. Be2 Qxf2+ 28. Kh1 Rf3 0-1

[Event "BEL-chT 1516"]
[Site "Belgium"]
[Date "2015.11.22"]
[Round "4.7"]
[White "Hommerson, Paul"]
[Black "Le Quang, Kim"]
[Result "0-1"]
[WhiteElo "2249"]
[BlackElo "2236"]
[PlyCount "72"]
[EventDate "2015.09.27"]
[EventType "team-tourn"]
[EventRounds "11"]
[EventCountry "BEL"]
[SourceTitle "EXT 2017"]
[Source "ChessBase"]
[SourceDate "2016.10.25"]
[SourceVersion "1"]
[SourceVersionDate "2016.10.25"]
[SourceQuality "1"]
[WhiteTeam "Borgerhout"]
[BlackTeam "Fontaine"]
[WhiteTeamCountry "BEL"]
[BlackTeamCountry "BEL"]

1. e4 e5 2. Nf3 Nc6 3. Bb5 a6 4. Ba4 Nf6 5. 0-0 Be7 6. d3 b5 7. Bb3 d6 8. c3 0-0 9. Nbd2 Na5 10. Bc2 c5 11. Re1 Nc6 12. Nf1 h6 13. Ng3 Re8 14. a4 b4 15. Bb3 Rb8 16. Ba2 Bf8 17. Nh4 d5 18. Nhf5 Be6 19. Qf3 b3 20. Bb1 d4 21. Bd2 g6 22. Bxh6 gxf5 23. Bg5 f4 24. Nf5 Bxf5 25. exf5 Qd6 26. g3 Bg7 27. Kh1 Nh7 28. gxf4 exf4 29. Rg1 Nxg5 30. Rxg5 Re1+ 31. Kg2 Rbe8 32. Qg4 Qf6 33. Qxf4 R8e2 34. cxd4 Nxd4 35. Qb8+ Kh7 36. Rh5+ Bh6 0-1

[Event "NED CupT"]
[Site "Haren"]
[Date "2015.05.14"]
[Round "1.4"]
[White "Hommerson, Paul"]
[Black "Bosch, Jeroen"]
[Result "0-1"]
[WhiteElo "2249"]
[BlackElo "2377"]
[PlyCount "124"]
[EventDate "2015.05.14"]
[EventType "team-k.o."]
[EventRounds "2"]
[EventCountry "NED"]
[SourceTitle "CBM 166 Extra"]
[Source "ChessBase"]
[SourceDate "2015.06.18"]
[SourceVersion "1"]
[SourceVersionDate "2015.06.18"]
[SourceQuality "1"]
[WhiteTeam "Paul Keres"]
[BlackTeam "Calder HMC"]
[WhiteTeamCountry "NED"]
[BlackTeamCountry "NED"]

1. e4 c5 2. Nf3 d6 3. d4 cxd4 4. Nxd4 Nf6 5. Nc3 g6 6. Be3 Bg7 7. f3 Nc6 8. Qd2 0-0 9. 0-0-0 d5 10. exd5 Nxd5 11. Nxc6 bxc6 12. Bd4 Bxd4 13. Qxd4 Qb6 14. Nxd5 cxd5 15. Kb1 Rd8 16. Qxb6 axb6 17. Bb5 Bb7 18. Rhe1 e6 19. Rd4 Kg7 20. Re3 Kf6 21. f4 h6 22. Be2 Rd6 23. Rh3 h5 24. Rb3 Ba6 25. Ra4 Bb7 26. Rd4 Ba6 27. Ra4 Bb7 28. Rab4 Ba6 29. Bxa6 Rxa6 30. a3 Kf5 31. Kc1 f6 32. Rf3 Ra5 33. Kd2 Rc5 34. g3 Rdc6 35. c3 Rc4 36. Rf2 Rxb4 37. axb4 g5 38. fxg5+ Kxg5 39. Ke3 Rc4 40. Rc2 h4 41. b3 Re4+ 42. Kf3 hxg3 43. hxg3 Re1 44. c4 Rb1 45. Rc3 d4 46. Rd3 e5 47. Ke4 Rc1 48. Kd5 Rc3 49. Rd1 Rxb3 50. c5 Rxb4 51. c6 Rb5+ 52. Kd6 Rc5 53. c7 Kg4 54. Rb1 Kxg3 55. Rxb6 Rxc7 56. Kxc7 d3 57. Rb3 e4 58. Kd6 Kf2 59. Rb2+ Kf3 60. Kd5 e3 61. Kd4 d2 62. Rb1 e2 0-1

[Event "BEL-chT 1415"]
[Site "Belgium"]
[Date "2015.02.08"]
[Round "8.5"]
[White "Hommerson, Paul"]
[Black "Houriez, Clement"]
[Result "1/2-1/2"]
[WhiteElo "2252"]
[BlackElo "2304"]
[PlyCount "145"]
[EventDate "2014.09.28"]
[EventType "team-swiss"]
[EventRounds "11"]
[EventCountry "BEL"]
[SourceTitle "EXT 2016"]
[Source "ChessBase"]
[SourceDate "2015.10.08"]
[SourceVersion "1"]
[SourceVersionDate "2015.10.08"]
[SourceQuality "1"]
[WhiteTeam "Borgerhout"]
[BlackTeam "Fontaine"]
[WhiteTeamCountry "BEL"]
[BlackTeamCountry "BEL"]

1. e4 c5 2. Nf3 d6 3. d4 cxd4 4. Nxd4 Nf6 5. Nc3 a6 6. Be3 e5 7. Nb3 Be6 8. f3 h5 9. a4 Qc7 10. Be2 Nc6 11. 0-0 Nb4 12. a5 d5 13. Bb6 Qc6 14. f4 Nxe4 15. fxe5 Nxc3 16. bxc3 Qxc3 17. Bxh5 Qxc2 18. Qf3 Qf5 19. Qxf5 Bxf5 20. Rxf5 g6 21. Bxg6 fxg6 22. Rf6 Rg8 23. Rc1 Nc6 24. Nc5 Be7 25. Nxb7 Bxf6 26. exf6 Kd7 27. Rc5 Rgb8 28. Rxd5+ Ke6 29. Rd6+ Ke5 30. Rxc6 Rxb7 31. g4 g5 32. Kg2 Rd7 33. Bf2 Rd2 34. Kf3 Rad8 35. Bg3+ Kd5 36. Rxa6 Rd3+ 37. Ke2 Rd4 38. f7 Rf8 39. Rd6+ Kc5 40. Rxd4 Kxd4 41. a6 Kd5 42. a7 Kc6 43. h4 Kb7 44. h5 Rxf7 45. Ke3 Rf1 46. Ke4 Rg1 47. Kf5 Rxg3 48. h6 Kxa7 49. h7 Rh3 50. Kg6 Kb7 51. Kg7 Kc7 52. h8Q Rxh8 53. Kxh8 Kd6 54. Kg7 Ke7 55. Kg6 Kf8 56. Kf6 Kg8 57. Kf5 Kh7 58. Kf6 Kh6 59. Ke5 Kg7 60. Ke6 Kg6 61. Ke5 Kg7 62. Kf5 Kh7 63. Kxg5 Kg7 64. Kf5 Kf7 65. g5 Kg7 66. Kf4 Kf8 67. Kg4 Kg7 68. Kf5 Kf7 69. g6+ Kg7 70. Kg5 Kg8 71. Kf6 Kf8 72. g7+ Kg8 73. Kg6 1/2-1/2

[Event "Gibraltar Masters 13th"]
[Site "Caleta"]
[Date "2015.02.05"]
[Round "10"]
[White "Hommerson, Paul"]
[Black "Houska, Jovanka"]
[Result "1/2-1/2"]
[WhiteElo "2229"]
[BlackElo "2388"]
[PlyCount "137"]
[EventDate "2015.01.27"]
[EventType "swiss"]
[EventRounds "10"]
[EventCountry "GGB"]
[SourceTitle "CBM 165"]
[Source "ChessBase"]
[SourceDate "2015.03.11"]
[SourceVersion "1"]
[SourceVersionDate "2015.03.11"]
[SourceQuality "1"]

1. e4 c6 2. d4 d5 3. Nc3 dxe4 4. Nxe4 Bf5 5. Ng3 Bg6 6. h4 h6 7. h5 Bh7 8. Nf3 e6 9. Bd3 Bxd3 10. Qxd3 Nf6 11. Bd2 Nbd7 12. 0-0-0 Be7 13. Kb1 Qb6 14. Ne4 Nxe4 15. Qxe4 Nf6 16. Qe2 Qa5 17. c4 Qf5+ 18. Ka1 Rd8 19. Bc1 0-0 20. Ne5 c5 21. f3 Rxd4 22. g4 Rxd1 23. Rxd1 Qh7 24. Be3 Kh8 25. a3 b6 26. Bf4 Qg8 27. Nc6 Re8 28. Nxa7 Rd8 29. Nc6 Rxd1+ 30. Qxd1 Qe8 31. Nxe7 Qxe7 32. Qd6 Qb7 33. Qb8+ Qxb8 34. Bxb8 Nd7 35. Bd6 f5 36. gxf5 exf5 37. b4 cxb4 38. axb4 g6 39. hxg6 Kg7 40. Kb2 Kxg6 41. Kc3 Kg5 42. Kd4 h5 43. Ke3 Kf6 44. Bc7 Ke6 45. Kf4 h4 46. Ke3 h3 47. Bh2 Kf6 48. Bf4 Ke6 49. Kd4 Nf8 50. Bh2 Ng6 51. f4 Kd6 52. Ke3 Ne7 53. Kf3 Nc6 54. Bg1 Nxb4 55. Bxb6 Nd3 56. Be3 Nb2 57. c5+ Kd5 58. Kg3 Nd3 59. Kxh3 Nxc5 60. Bxc5 Kxc5 61. Kg3 Kd4 62. Kf3 Kd3 63. Kf2 Ke4 64. Ke2 Kxf4 65. Kf2 Ke4 66. Ke2 f4 67. Kf2 f3 68. Kf1 f2 69. Kxf2 1/2-1/2

[Event "Gibraltar Masters 13th"]
[Site "Caleta"]
[Date "2015.02.03"]
[Round "8"]
[White "Hommerson, Paul"]
[Black "Nagy, Gabor"]
[Result "0-1"]
[WhiteElo "2229"]
[BlackElo "2410"]
[PlyCount "88"]
[EventDate "2015.01.27"]
[EventType "swiss"]
[EventRounds "10"]
[EventCountry "GGB"]
[SourceTitle "CBM 165"]
[Source "ChessBase"]
[SourceDate "2015.03.11"]
[SourceVersion "1"]
[SourceVersionDate "2015.03.11"]
[SourceQuality "1"]

1. e4 c5 2. Nf3 d6 3. d4 cxd4 4. Nxd4 Nf6 5. Nc3 a6 6. Be3 Nc6 7. f4 e6 8. Qf3 Qc7 9. Bd3 Be7 10. 0-0 0-0 11. Kh1 Nb4 12. Rac1 Bd7 13. g4 g6 14. g5 Nh5 15. f5 d5 16. f6 Bd6 17. Nde2 Bc6 18. Kg2 Rad8 19. Rh1 d4 20. Bxd4 Be5 21. Bc5 Qa5 22. Qe3 Bf4 23. Nxf4 Nxf4+ 24. Qxf4 Qxc5 25. Rcd1 Rd4 26. h4 Nd5 27. Qf2 Nxc3 28. bxc3 Qxc3 29. Rde1 h5 30. gxh6 Kh7 31. h5 Rg8 32. Kh2 Qc5 33. e5 Qb4 34. hxg6+ fxg6 35. Kh3 Rf4 36. c3 Rxf2 37. cxb4 Bxh1 38. Bc4 Bd5 39. Bxd5 exd5 40. Rc1 Re8 41. Rc7+ Kxh6 42. Re7 Rf8 43. Rxb7 Rf5 44. Re7 d4 0-1

[Event "BEL-chT 1415"]
[Site "Belgium"]
[Date "2014.11.16"]
[Round "4.7"]
[White "Hommerson, Paul"]
[Black "Klein, Felix"]
[Result "1/2-1/2"]
[WhiteElo "2252"]
[BlackElo "2284"]
[PlyCount "90"]
[EventDate "2014.09.28"]
[EventType "team-swiss"]
[EventRounds "11"]
[EventCountry "BEL"]
[SourceTitle "EXT 2015"]
[Source "ChessBase"]
[SourceDate "2014.11.20"]
[SourceVersion "1"]
[SourceVersionDate "2014.11.20"]
[SourceQuality "1"]
[WhiteTeam "Borgerhout"]
[BlackTeam "KSK Rochade"]
[WhiteTeamCountry "BEL"]
[BlackTeamCountry "BEL"]

1. e4 e5 2. Nf3 Nc6 3. Bb5 Nf6 4. 0-0 Nxe4 5. d4 Nd6 6. Bxc6 dxc6 7. dxe5 Nf5 8. Qxd8+ Kxd8 9. Nc3 Bd7 10. h3 h6 11. g4 Ne7 12. Be3 Ng6 13. Kg2 Kc8 14. Ne2 b6 15. Nf4 Nxf4+ 16. Bxf4 Be7 17. Nd4 Rd8 18. Rad1 c5 19. Nf5 Bf8 20. f3 Kb7 21. Bg3 Be6 22. a3 Rxd1 23. Rxd1 Re8 24. Ne3 g6 25. f4 Bg7 26. Kf3 Bc8 27. c3 f6 28. Nc4 fxe5 29. Nxe5 Bxe5 30. fxe5 Be6 31. Ke4 Rf8 32. Rd2 Kc6 33. Rf2 Rxf2 34. Bxf2 Kb5 35. Kd3 c4+ 36. Ke3 a5 37. Be1 Kc5 38. Ke4 Bd5+ 39. Ke3 Bg2 40. h4 Kd5 41. Bg3 Ke6 42. Bf4 h5 43. gxh5 gxh5 44. Bg5 Kxe5 45. Bf4+ Kd5 1/2-1/2

[Event "BEL-chT 1415"]
[Site "Belgium"]
[Date "2014.10.19"]
[Round "2.5"]
[White "Hommerson, Paul"]
[Black "Gulbas, Cemil"]
[Result "1/2-1/2"]
[WhiteElo "2252"]
[BlackElo "2365"]
[PlyCount "111"]
[EventDate "2014.09.28"]
[EventType "team-swiss"]
[EventRounds "11"]
[EventCountry "BEL"]
[SourceTitle "EXT 2015"]
[Source "ChessBase"]
[SourceDate "2014.11.20"]
[SourceVersion "1"]
[SourceVersionDate "2014.11.20"]
[SourceQuality "1"]
[WhiteTeam "Borgerhout"]
[BlackTeam "Wirtzfeld"]
[WhiteTeamCountry "BEL"]
[BlackTeamCountry "BEL"]

1. e4 c5 2. Nf3 e6 3. d4 cxd4 4. Nxd4 Nc6 5. Nc3 Qc7 6. Be3 a6 7. Qd2 Nf6 8. 0-0-0 Bb4 9. f3 Ne7 10. Nde2 d5 11. Bg5 dxe4 12. Bxf6 gxf6 13. Qd4 exf3 14. Qxb4 fxe2 15. Bxe2 f5 16. Bf3 Bd7 17. Qxb7 Qxb7 18. Bxb7 Ra7 19. Bf3 Ng6 20. Rhe1 0-0 21. Rd6 Rc8 22. a4 Kf8 23. g3 Rc5 24. Rb6 Ne5 25. Be2 Nc4 26. Rb8+ Kg7 27. Rd1 Kf6 28. Rd4 Ne5 29. Rb6 Rc6 30. a5 Rxb6 31. axb6 Rb7 32. Rb4 a5 33. Rb3 a4 34. Rb4 Nc6 35. Rh4 Rxb6 36. Rxh7 Rb4 37. Bb5 Ne5 38. Bxd7 Nxd7 39. Rh8 Nc5 40. Ra8 Ne4 41. Nxa4 e5 42. Nc3 Nxc3 43. bxc3 Rb6 44. c4 Rc6 45. Ra4 Kg5 46. Kd2 Kg4 47. c5+ Kf3 48. Rc4 e4 49. Ke1 f4 50. Rc3+ e3 51. Rc4 fxg3 52. hxg3 f6 53. Rf4+ Kxg3 54. Rf1 Rxc5 55. Rxf6 Rxc2 56. Rf8 1/2-1/2

[Event "Utrecht OKU op 41st"]
[Site "Utrecht"]
[Date "2014.06.01"]
[Round "6"]
[White "Hommerson, Paul"]
[Black "Hortensius, Lisa"]
[Result "1-0"]
[WhiteElo "2246"]
[BlackElo "2162"]
[PlyCount "139"]
[EventDate "2014.05.30"]
[EventType "swiss"]
[EventRounds "6"]
[EventCountry "NED"]
[SourceTitle "CBM 160 Extra"]
[Source "ChessBase"]
[SourceDate "2014.07.01"]
[SourceVersion "1"]
[SourceVersionDate "2014.07.01"]
[SourceQuality "1"]

1. e4 c5 2. Nf3 e6 3. d4 cxd4 4. Nxd4 Nc6 5. Nc3 Qc7 6. Be3 a6 7. Qd2 Nf6 8. 0-0-0 Bb4 9. f3 Ne5 10. Nb3 b5 11. Qe1 Be7 12. f4 Ng6 13. e5 Ng4 14. Bd2 Bb7 15. Bd3 Rc8 16. h3 Nh6 17. Ne4 Nf5 18. Ba5 Qc6 19. Qd2 d5 20. Nf2 Ng3 21. Rhe1 Nh4 22. Bb4 Nxg2 23. Nd4 Qb6 24. Ba5 Qc5 25. Rg1 Qxd4 26. Rxg2 Nf5 27. Bxf5 Qxd2+ 28. Bxd2 exf5 29. Rxg7 d4 30. Ba5 Kf8 31. Rgg1 Bc5 32. Nd3 Be7 33. Bb6 Be4 34. Bxd4 Rg8 35. Rxg8+ Kxg8 36. Kd2 Kf8 37. c3 Rd8 38. Ke3 h5 39. Rg1 a5 40. Nc5 Bxc5 41. Bxc5+ Ke8 42. Rg8+ Kd7 43. Rxd8+ Kxd8 44. Bb6+ Kd7 45. Bxa5 Bb1 46. a3 Kc6 47. Kf2 Kd5 48. Kg3 Bc2 49. Kh4 Bd1 50. Kg5 Ke6 51. Bb6 Bf3 52. Bd4 Bd1 53. Ba7 Bf3 54. b3 Bd1 55. c4 bxc4 56. bxc4 Be2 57. c5 Kd5 58. Kxf5 Kc6 59. Kf6 Bc4 60. h4 Bb3 61. Bb6 Kd7 62. a4 Bxa4 63. Kxf7 Bb3+ 64. Kf6 Bc4 65. f5 Bd5 66. e6+ Ke8 67. Ke5 Bb3 68. c6 Bc4 69. c7 Ba6 70. f6 1-0

[Event "BEL-chT 1314"]
[Site "Belgium"]
[Date "2014.02.09"]
[Round "9.7"]
[White "Bruehl, Andreas"]
[Black "Hommerson, Paul"]
[Result "1/2-1/2"]
[WhiteElo "2366"]
[BlackElo "2248"]
[PlyCount "125"]
[EventDate "2013.09.22"]
[EventType "team-tourn"]
[EventRounds "11"]
[EventCountry "BEL"]
[SourceTitle "EXT 2015"]
[Source "ChessBase"]
[SourceDate "2014.11.20"]
[SourceVersion "1"]
[SourceVersionDate "2014.11.20"]
[SourceQuality "1"]
[WhiteTeam "KSK Rochade"]
[BlackTeam "Borgerhout"]
[WhiteTeamCountry "BEL"]
[BlackTeamCountry "BEL"]

1. d4 d5 2. c4 dxc4 3. e4 e5 4. Nf3 exd4 5. Bxc4 Bb4+ 6. Nbd2 Nc6 7. 0-0 Nf6 8. Qb3 0-0 9. e5 Ng4 10. Ne4 Be7 11. e6 f6 12. Bf4 Kh8 13. Qb5 Nce5 14. Bxe5 c6 15. Qb3 Nxe5 16. Nxe5 fxe5 17. Qh3 Rf4 18. g3 Rxe4 19. Bd3 Rh4 20. gxh4 Qd6 21. Rae1 Bxe6 22. Qg3 Bf6 23. b3 a5 24. h5 a4 25. Bc4 Bxc4 26. bxc4 b5 27. cxb5 cxb5 28. f4 exf4 29. Qxf4 Qxf4 30. Rxf4 h6 31. Rb1 Rb8 32. Rf5 b4 33. Kf2 b3 34. axb3 axb3 35. Ke2 Re8+ 36. Kd3 Re3+ 37. Kc4 Rc3+ 38. Kb4 Rh3 39. Rxb3 Rxh2 40. Kc4 Kh7 41. Rd3 Bg5 42. Kxd4 Rxh5 43. Ke4 Rh4+ 44. Kf3 Kg6 45. Rfd5 Bf6 46. Rd1 h5 47. Rg1+ Kh6 48. Rd6 Ra4 49. Rgd1 Ra8 50. Kf4 Rf8 51. Kf5 Kh7 52. Rxf6 Rxf6+ 53. Kg5 Rh6 54. Kh4 Kg8 55. Ra1 Rh7 56. Ra8+ Kf7 57. Ra7+ Kf6 58. Ra6+ Ke5 59. Ra5+ Ke4 60. Ra4+ Kd3 61. Ra3+ Kc2 62. Ra2+ Kb1 63. Rg2 1/2-1/2

[Event "Gibraltar Masters 12th"]
[Site "Caleta"]
[Date "2014.01.31"]
[Round "4"]
[White "Hommerson, Paul"]
[Black "Mikkelsen, Nikolaj"]
[Result "0-1"]
[WhiteElo "2255"]
[BlackElo "2423"]
[PlyCount "50"]
[EventDate "2014.01.28"]
[EventType "swiss"]
[EventRounds "10"]
[EventCountry "GGB"]
[SourceTitle "CBM 159"]
[Source "ChessBase"]
[SourceDate "2014.03.17"]
[SourceVersion "1"]
[SourceVersionDate "2014.03.17"]
[SourceQuality "1"]

1. e4 c5 2. Nf3 d6 3. d4 cxd4 4. Nxd4 Nf6 5. Nc3 a6 6. Be3 e5 7. Nb3 Be7 8. f3 Be6 9. Qd2 0-0 10. 0-0-0 a5 11. Bb5 Na6 12. Qe2 Qb8 13. g4 Rc8 14. Kb1 Ne8 15. Na4 Nec7 16. Nb6 Nxb5 17. Qxb5 Nb4 18. a3 Nxc2 19. Bf2 Rc3 20. Rd3 Rc6 21. Nxa5 Rxa5 22. Qxa5 Bd8 23. Qb5 Bxb6 24. Rc3 Rxc3 25. Bxb6 Nxa3+ 0-1

[Event "Gibraltar Masters 12th"]
[Site "Caleta"]
[Date "2014.01.30"]
[Round "3"]
[White "Nordstrom, Hakon N"]
[Black "Hommerson, Paul"]
[Result "0-1"]
[WhiteElo "1835"]
[BlackElo "2255"]
[PlyCount "28"]
[EventDate "2014.01.28"]
[EventType "swiss"]
[EventRounds "10"]
[EventCountry "GGB"]
[SourceTitle "CBM 159"]
[Source "ChessBase"]
[SourceDate "2014.03.17"]
[SourceVersion "1"]
[SourceVersionDate "2014.03.17"]
[SourceQuality "1"]

1. e4 e5 2. f4 exf4 3. Nf3 g5 4. Bc4 Bg7 5. 0-0 d6 6. d4 h6 7. e5 d5 8. Bd3 Ne7 9. h4 Nf5 10. e6 Bxe6 11. Re1 Nxd4 12. Nxd4 Bxd4+ 13. Kh1 Nc6 14. Qh5 Qf6 0-1

[Event "Gibraltar Masters 12th"]
[Site "Caleta"]
[Date "2014.01.29"]
[Round "2"]
[White "Hommerson, Paul"]
[Black "Hamer, Martyn"]
[Result "1-0"]
[WhiteElo "2255"]
[BlackElo "2016"]
[PlyCount "85"]
[EventDate "2014.01.28"]
[EventType "swiss"]
[EventRounds "10"]
[EventCountry "GGB"]
[SourceTitle "CBM 159"]
[Source "ChessBase"]
[SourceDate "2014.03.17"]
[SourceVersion "1"]
[SourceVersionDate "2014.03.17"]
[SourceQuality "1"]

1. e4 Nf6 2. e5 Nd5 3. d4 d6 4. Nf3 Bg4 5. Be2 c6 6. 0-0 Bxf3 7. Bxf3 dxe5 8. dxe5 e6 9. b3 Nd7 10. Bb2 Qc7 11. Qe2 Nf4 12. Qe4 Ng6 13. Bh5 0-0-0 14. f4 f5 15. exf6 gxf6 16. Nd2 Qa5 17. Qe2 e5 18. fxe5 fxe5 19. Kh1 Bh6 20. Nc4 Qc7 21. g3 Rhf8 22. Ba3 c5 23. Qg2 Kb8 24. Rad1 Rxf1+ 25. Qxf1 Nb6 26. Nxb6 axb6 27. Bb2 Rf8 28. Qg2 Ne7 29. Bg4 Nf5 30. Bxf5 Rxf5 31. Qe4 Qc6 32. Qxc6 bxc6 33. g4 Rf2 34. Bxe5+ Kb7 35. Rd7+ Ka6 36. Rxh7 Bc1 37. c4 Be3 38. h4 Bd4 39. Bb8 b5 40. g5 Ka5 41. g6 Rf1+ 42. Kh2 Rg1 43. Bg3 1-0

[Event "BEL-chT 1314"]
[Site "Belgium"]
[Date "2013.09.29"]
[Round "2.8"]
[White "Hommerson, Paul"]
[Black "Voicu Jagodzinsky, Carmen"]
[Result "1-0"]
[WhiteElo "2248"]
[BlackElo "2310"]
[PlyCount "107"]
[EventDate "2013.09.22"]
[EventType "team-tourn"]
[EventRounds "11"]
[EventCountry "BEL"]
[SourceTitle "CBM 156 Extra"]
[Source "ChessBase"]
[SourceDate "2013.10.22"]
[SourceVersion "1"]
[SourceVersionDate "2013.10.22"]
[SourceQuality "1"]
[WhiteTeam "Borgerhout"]
[BlackTeam "Wirtzfeld"]
[WhiteTeamCountry "BEL"]
[BlackTeamCountry "BEL"]

1. e4 c5 2. Nf3 e6 3. d4 cxd4 4. Nxd4 a6 5. Nc3 Qc7 6. Bd3 Nf6 7. 0-0 d6 8. Kh1 Nbd7 9. f4 g6 10. Qe2 Bg7 11. Bd2 0-0 12. Rae1 e5 13. Nb3 b5 14. a4 b4 15. Na2 a5 16. c3 exf4 17. cxb4 axb4 18. Nxb4 Rxa4 19. Rc1 Qb8 20. Nc6 Qxb3 21. Bc2 Qc4 22. Ne7+ Kh8 23. Bd3 Qe6 24. Nxc8 Nc5 25. Nb6 Rd4 26. Bc4 Rxe4 27. Qf3 Qe7 28. b4 Ncd7 29. Nd5 Nxd5 30. Bxd5 Re2 31. Bxf4 Rb2 32. Rb1 Rxb1 33. Rxb1 Re8 34. Bg3 f5 35. Bc6 Rd8 36. Re1 Ne5 37. Qd5 Qf6 38. b5 f4 39. Bf2 Ng4 40. Bg1 Qh4 41. Re2 Be5 42. b6 Ne3 43. Qf3 g5 44. g3 Qh6 45. Bxe3 fxe3 46. Qxe3 Rf8 47. b7 Qf6 48. Rf2 Qd8 49. Rxf8+ Qxf8 50. Kg2 Qg8 51. Kg1 g4 52. Bd5 Qd8 53. Kg2 Qb8 54. Qc1 1-0

[Event "Maarssen OKU op-A"]
[Site "Maarssen"]
[Date "2013.06.01"]
[Round "4"]
[White "Van Foreest, Jorden"]
[Black "Hommerson, Paul"]
[Result "1-0"]
[WhiteElo "2227"]
[BlackElo "2248"]
[PlyCount "47"]
[EventDate "2013.05.31"]
[EventType "swiss"]
[EventRounds "6"]
[EventCountry "NED"]
[SourceTitle "CBM 154 Extra"]
[Source "ChessBase"]
[SourceDate "2013.06.25"]
[SourceVersion "2"]
[SourceVersionDate "2013.06.25"]
[SourceQuality "1"]

1. e4 c5 2. Nf3 e6 3. d4 cxd4 4. Nxd4 Nc6 5. Nc3 Qc7 6. Be3 a6 7. Qd2 Nf6 8. 0-0-0 Bb4 9. f3 Ne7 10. Nde2 d5 11. Bg5 dxe4 12. Bxf6 gxf6 13. Qd4 exf3 14. Qxb4 fxe2 15. Bxe2 f5 16. Bf3 Nc6 17. Qh4 Bd7 18. Rhe1 0-0 19. Qg5+ Kh8 20. Qf6+ Kg8 21. Bxc6 Bxc6 22. Rd3 Rfd8 23. Rg3+ Kf8 24. Rg7 1-0